| 000 | 00968cam a2200265 a 4500 | ||
|---|---|---|---|
| 001 | 479 | ||
| 005 | 20230428092216.0 | ||
| 008 | 050318s2006 mnua j b 001 0deng | ||
| 020 | _a0736843701 (hardcover) | ||
| 040 |
_aDLC _cDLC _dDLC _dFISKH _beng |
||
| 050 | 0 | 0 |
_aF865 _b.D63 2006 |
| 082 | 0 | 0 |
_a979.4/04 _222 |
| 100 | 1 | _aDoeden, Matt. | |
| 245 | 1 | 0 |
_aJohn Sutter and the California gold rush / _cby Matt Doeden ; illustrated by Ron Frenz and Charles Barnett III . |
| 260 |
_aMankato, Minn. : _bCapstone Press, _c2006. |
||
| 300 |
_a32 pages : _bcolor illustrations : _c24 cm. |
||
| 505 | _aH | ||
| 520 | _a"In graphic novel format, tells the story of the discovery of gold at John Sutter's mill and how it changed California"--Provided by publisher. | ||
| 521 |
_a520
_bLexile |
||
| 521 |
_aH
_bRaz-Plus |
||
| 700 | 1 |
_aFrenz, Ron, _eill. |
|
| 700 | 1 |
_aBarnett, Charles, _cIII, _eill. |
|
| 906 |
_a7 _bcbc _corignew _d1 _eecip _f20 _gy-gencatlg |
||
| 942 |
_2ddc _cBK _n0 |
||
| 999 |
_c479 _d479 |
||